Hodnotenie tlačového papiera z hľadiska príjmu tlačovej farby

Saved in:
Bibliographic Details
Main Author: Liptáková, Zuzana (Author)
Format: Manuscript Book
Language:Slovak
Published: Bratislava : STU v Bratislave ChtF, 1999
Edition:Obháj.: 7.6.1999
Tags: Add Tag
No Tags, Be the first to tag this record!

MARC

LEADER 00000ntm a22000003a 4500
001 stu50109
005 20150617225709.6
008 990701s1999------------------------slo-d
040 |a STU  |b slo 
041 0 |a slo 
100 1 |a Liptáková, Zuzana  |4 aut 
245 1 |a Hodnotenie tlačového papiera z hľadiska príjmu tlačovej farby 
250 |a Obháj.: 7.6.1999 
260 |a Bratislava :  |b STU v Bratislave ChtF,  |c 1999 
300 |a 67 s 
500 |a Obr.,tab.,grafy,lit.Zameranie: Polygrafia a fotochémia 
996 |b 284C008561  |c C*D12831  |l CCI  |s A  |a 24  |w stu50109_0001